Highest Grossing Bollywood Movies in 2026 - Statistics

General Stats
  • This quiz has been taken 45 times
  • The average score is 15 of 25
Answer Stats
Year Gross Clue Movie % Correct
2016 ₹1,968.03–2,200 crore A former wrestler defies social norms to train his daughters for world-class gold medals. Dangal
92%
2015 ₹900.90–969.06 crore A devoted man embarks on a journey across the border to reunite a mute girl with her family. Bajrangi Bhaijaan
86%
2009 ₹397.08–400.61 crore Two friends search for their long-lost companion while recalling their days at a competitive engineering college. 3 Idiots
78%
2014 ₹750.60–769.89 crore An innocent alien stranded on Earth questions human religious dogmas and blind faith. PK
78%
2025 ₹1,349.65 crore A high-stakes action thriller centered on a massive international heist and national security. Dhurandhar
76%
2023 ₹470.6 crore A group of friends uses a dangerous illegal backdoor entry method to try and migrate to London. Dunki
76%
2018 ₹563.55–571.98 crore A legendary Rajput Queen chooses to lead a mass self-immolation to protect her honor from an invading Sultan. Padmaavat
76%
2023 ₹1,050.30 crore An exiled secret agent returns to the field to stop a mercenary group from releasing a deadly virus. Pathaan
73%
2024 ₹874.58 crore Residents of a small town must face a headless entity that is kidnapping the local men. Stree 2
70%
2023 ₹917.82 crore A violent and volatile man embarks on a bloody crusade to protect his father at any cost. Animal
68%
2018 ₹578.45–586.85 crore A biographical look at the chaotic life, legal battles, and drug addiction of a famous film legacy heir. Sanju
68%
2019 ₹474.79–475.62 crore An Indian soldier is assigned to eliminate his former mentor who has gone rogue. War
68%
2018 ₹444.48–456.89 crore A piano player pretending to be visually impaired witnessess a crime and gets caught in a web of lies. Andhadhun
65%
2013 ₹556.74–558.42 crore A circus performer uses his skills to rob banks in Chicago to avenge his father’s death. Dhoom 3
65%
2023 ₹1,148.32 crore A man driven by a personal vendetta sets out to rectify corruption in society while leading a team of women. Jawan
65%
2017 ₹858.43–966 crore A talented teenage girl hides her identity behind a veil while becoming a singing sensation on the internet. Secret Superstar
65%
2016 ₹615.71–623.33 crore A middle-aged former wrestling champion attempts a comeback by switching to mixed martial arts. Sultan
65%
2017 ₹565.10 crore Two rival secret agents from India and Pakistan team up to rescue nurses held hostage by a terrorist group. Tiger Zinda Hai
59%
2025 ₹797.34–809 crore A historical epic depicting the bravery and battles of the second Chhatrapati of the Maratha Empire. Chhaava
57%
2026 ₹481.76 crore A long-awaited sequel depicting a major historical military confrontation on the desert frontier. Border 2
51%
2023 ₹691.08 crore During the "Crush India" campaign, a father crosses the border to rescue his imprisoned son. Gadar 2
35%
2023 ₹466.63 crore A top spy must go on a personal mission to clear his name after being framed as a traitor. Tiger 3
32%
2024 ₹423.85 crore A fraudulent psychic returns to a haunted mansion to deal with the reappearance of a vengeful spirit. Bhool Bhulaiyaa 3
30%
2025 ₹579.23 crore A sci-fi romance exploring a deep connection that transcends planetary boundaries. Saiyaara
14%
2022 ₹418.80–430.77 crore A young DJ discovers he has a strange connection to fire and is the key to an ancient celestial weapon. Brahmāstra: Part One – Shiva
8%
No matching quizzes found
Score Distribution
Percent of People with Each Score
Percentile by Number Answered
Your Score History
You have not taken this quiz